Normal view
MARC view
- Hoult, Nicholas,
Entry Personal Name
001 - CONTROL NUMBER
- control field: 35284
003 - CONTROL NUMBER IDENTIFIER
- control field: OSt
005 - DATE AND TIME OF LATEST TRANSACTION
- control field: 20140217133135.0
008 - FIXED-LENGTH DATA ELEMENTS
- fixed length control field: 140217|| aca||aabn | a|a d
040 ## - CATALOGING SOURCE
- Original cataloging agency: OSt
100 1# - HEADING--PERSONAL NAME
- Personal name: Hoult, Nicholas,
- Dates associated with a name: 1989-
400 1# - SEE FROM TRACING--PERSONAL NAME
- Personal name: Hoult, Nicholas Caradoc,
- Dates associated with a name: 1989-